000
00224nam a22001097a 4500
003
OSt
008
231114b |||||||| |||| 00| 0 eng d
041
_a
mal
100
_a
sreeni
_9
5618
245
_a
Anthyalikhitham
942
_c
BK
999
_c
17835
_d
17835